[Event "CFriend SL-2003-0-00002 email"]
[Site "Chessfriend.com"]
[Date "2003.01.18"]
[Round "?"]
[White "Che Ahmed, Che Hassan"]
[Black "McCarthy, Michael"]
[Result "1/2-1/2"]
[WhiteElo "983"]
[BlackElo "1121"]
[PlyCount "80"]
[EventDate "2003.01.18"]
[EventType "tourn (corr)"]
[EventRounds "12"]
[SourceTitle "Corr 2008"]
[Source "ChessBase"]
[SourceDate "2008.06.24"]
[SourceVersion "1"]
[SourceVersionDate "2008.06.24"]
[SourceQuality "1"]

1. c4 Nf6 2. Nc3 g6 3. d4 Bg7 4. e3 0-0 5. g3 c6 6. Bg2 d6 7. Nge2 Bg4 8. 0-0 Qd7 9. Qc2 Bh3 10. b4 Bxg2 11. Kxg2 a5 12. Rb1 axb4 13. Rxb4 Ra5 14. Qb1 Rh5 15. Nf4 Ra5 16. Rxb7 Qd8 17. Bd2 Ra8 18. a4 Nbd7 19. Qa2 c5 20. d5 Qc8 21. Rfb1 Rb8 22. R7b5 Ne8 23. Nfe2 Nc7 24. R5b3 Qa6 25. Nb5 Qc8 26. Bc3 Nxb5 27. Bxg7 Kxg7 28. axb5 Nb6 29. Ra3 Qg4 30. Nf4 Qf5 31. Rc1 e5 32. Nh3 Ra8 33. Ra6 Rxa6 34. bxa6 Qe4+ 35. Kg1 Qg4 36. Kg2 Qe4+ 37. Kg1 Qg4 38. Kg2 Qe4+ 39. Kg1 Qg4 40. Kg2 Qe4+ 1/2-1/2

[Event "CFriend SL-2003-0-00002 email"]
[Site "Chessfriend.com"]
[Date "2003.01.18"]
[Round "?"]
[White "Nilange, Ashish"]
[Black "Che Ahmed, Che Hassan"]
[Result "1-0"]
[WhiteElo "1166"]
[BlackElo "983"]
[PlyCount "69"]
[EventDate "2003.01.18"]
[EventType "tourn (corr)"]
[EventRounds "12"]
[SourceTitle "Corr 2008"]
[Source "ChessBase"]
[SourceDate "2008.06.24"]
[SourceVersion "1"]
[SourceVersionDate "2008.06.24"]
[SourceQuality "1"]

1. e4 c5 2. Nf3 Nc6 3. d4 cxd4 4. Nxd4 e6 5. Be2 d6 6. 0-0 Nf6 7. Nc3 Be7 8. Be3 0-0 9. Re1 a6 10. Qd2 Qc7 11. Rad1 Ne5 12. Bf4 Nc6 13. Bg3 e5 14. Nf3 b5 15. a4 bxa4 16. Nd5 Nxd5 17. exd5 Na7 18. Nxe5 Nb5 19. Nc6 Bb7 20. Nxe7+ Qxe7 21. Ra1 Qd7 22. c4 Nc7 23. Qb4 Rab8 24. Qxd6 Qxd6 25. Bxd6 Rfc8 26. Bg4 g6 27. Bxc8 Rxc8 28. Rxa4 Ne8 29. Bg3 Ng7 30. Rb4 Ba8 31. Rb8 Rxb8 32. Bxb8 Nf5 33. Re8+ Kg7 34. Ba7 Bb7 35. Rb8 1-0

[Event "IECG C3.2000.0.00165"]
[Site "IECG email"]
[Date "2000.12.07"]
[Round "?"]
[White "Casser, Aaron"]
[Black "Che Ahmed, Che Hassan"]
[Result "1-0"]
[WhiteElo "1138"]
[BlackElo "844"]
[PlyCount "67"]
[EventDate "2000.12.07"]
[EventType "tourn (corr)"]
[EventRounds "6"]
[SourceTitle "Corr 2008"]
[Source "ChessBase"]
[SourceDate "2008.06.24"]
[SourceVersion "1"]
[SourceVersionDate "2008.06.24"]
[SourceQuality "1"]

1. d4 Nf6 2. Nf3 d5 3. Bf4 c5 4. e3 Qb6 5. Nc3 Qxb2 6. Nb5 Na6 7. Rb1 Qxa2 8. Ra1 Qb2 9. Rxa6 bxa6 10. Nc7+ Kd8 11. Nxa8 Qb4+ 12. Qd2 Qb1+ 13. Ke2 Qb5+ 14. c4 Qxc4+ 15. Ke1 Qb4 16. Qxb4 cxb4 17. Ng5 Kd7 18. Nxf7 Rg8 19. Ne5+ Ke6 20. Nc7+ Kd6 21. Nxa6 b3 22. Nf7+ Kd7 23. Bb5+ Ke6 24. Ng5+ Kf5 25. Bd3+ Ne4 26. f3 Bxa6 27. fxe4+ dxe4 28. Bxa6 e5 29. dxe5 Bb4+ 30. Ke2 Rd8 31. Rb1 Rd2+ 32. Kf1 b2 33. Bc8+ Kg6 34. g4 1-0

[Event "IECG C3.2000.0.00165"]
[Site "IECG email"]
[Date "2000.12.07"]
[Round "?"]
[White "Che Ahmed, Che Hassan"]
[Black "Vasquez Nigro, Dario Javier"]
[Result "0-1"]
[WhiteElo "844"]
[BlackElo "1000"]
[PlyCount "56"]
[EventDate "2000.12.07"]
[EventType "tourn (corr)"]
[EventRounds "6"]
[SourceTitle "Corr 2008"]
[Source "ChessBase"]
[SourceDate "2008.06.24"]
[SourceVersion "1"]
[SourceVersionDate "2008.06.24"]
[SourceQuality "1"]

1. c4 Nf6 2. Nc3 e6 3. g3 d5 4. cxd5 exd5 5. Bg2 d4 6. Ne4 Be7 7. d3 0-0 8. Nxf6+ Bxf6 9. Bf4 Qe7 10. Nf3 Re8 11. Rc1 Na6 12. a3 g5 13. Bd2 g4 14. Ng1 c6 15. Bf4 Nc5 16. Qc2 Ne6 17. Bd2 Ng5 18. e4 dxe3 19. fxe3 Bd4 20. h4 gxh3 21. Nxh3 Bxe3 22. Nxg5 Bxd2+ 23. Kxd2 Qxg5+ 24. Kc3 Qc5+ 25. Kd2 Qf2+ 26. Kc3 Re2 27. Qb3 Qf6+ 28. d4 Re3+ 0-1

[Event "IECG CN.2000.0.00215"]
[Site "IECG email"]
[Date "2000.10.03"]
[Round "?"]
[White "Brozio, Michael"]
[Black "Che Ahmed, Che Hassan"]
[Result "1-0"]
[WhiteElo "800"]
[BlackElo "837"]
[PlyCount "119"]
[EventDate "2000.10.03"]
[EventType "tourn (corr)"]
[EventRounds "6"]
[SourceTitle "Corr 2008"]
[Source "ChessBase"]
[SourceDate "2008.06.24"]
[SourceVersion "1"]
[SourceVersionDate "2008.06.24"]
[SourceQuality "1"]

1. e4 c5 2. Nf3 Nc6 3. Bb5 d6 4. d4 cxd4 5. Qxd4 Qa5+ 6. Nc3 Bd7 7. Qd3 a6 8. Bc4 b5 9. Bb3 Nf6 10. 0-0 e6 11. Bf4 b4 12. Ne2 Ne5 13. Nxe5 dxe5 14. Bg5 Bb5 15. Bc4 Be7 16. Bxb5+ Qxb5 17. Rfd1 0-0 18. Ng3 Qxd3 19. Rxd3 Rac8 20. Rc1 Rc4 21. c3 Rfc8 22. f3 h6 23. Be3 R4c6 24. Ne2 a5 25. Rcd1 Rb8 26. R1d2 Rcc8 27. Kf2 b3 28. axb3 Rxb3 29. Nc1 Rb7 30. Rc2 a4 31. Rd1 Nd7 32. Ke2 a3 33. b4 Bxb4 34. Rcd2 Rxc3 35. Rxd7 Rxd7 36. Rxd7 a2 37. Rd8+ Kh7 38. Ra8 Ba3 39. Nxa2 Rc2+ 40. Kd3 Rxa2 41. Bd2 f5 42. g3 h5 43. h3 fxe4+ 44. fxe4 Ra1 45. Bc3 Rg1 46. Rxa3 Rxg3+ 47. Kc4 Rxh3 48. Ra5 g5 49. Rxe5 g4 50. Rxe6 g3 51. Be5 g2 52. Re7+ Kh6 53. Re8 Re3 54. Bf4+ Kg7 55. Bxe3 h4 56. Re5 Kg6 57. Rg5+ Kf6 58. Kd5 h3 59. Rh5 h2 60. Rxh2 1-0

[Event "IECG CN.2000.0.00200"]
[Site "IECG email"]
[Date "2000.07.03"]
[Round "?"]
[White "Hollis, Peter"]
[Black "Che Ahmed, Che Hassan"]
[Result "0-1"]
[WhiteElo "800"]
[BlackElo "709"]
[PlyCount "74"]
[EventDate "2000.07.03"]
[EventType "tourn (corr)"]
[EventRounds "6"]
[SourceTitle "Corr 2008"]
[Source "ChessBase"]
[SourceDate "2008.06.24"]
[SourceVersion "1"]
[SourceVersionDate "2008.06.24"]
[SourceQuality "1"]

1. e4 c5 2. g3 Nc6 3. Nc3 g6 4. Bg2 Bg7 5. d3 e6 6. Be3 d6 7. Qd2 Nge7 8. Nge2 Nd4 9. 0-0 0-0 10. Rae1 Nec6 11. Nd1 Qa5 12. Qxa5 Nxa5 13. Nxd4 cxd4 14. Bd2 Nc6 15. f4 Bd7 16. c4 a6 17. b4 b5 18. Nb2 Rab8 19. c5 dxc5 20. bxc5 e5 21. fxe5 Rbc8 22. Rc1 Nxe5 23. Rc2 Be6 24. a3 Rc6 25. Bb4 Ra8 26. Rfc1 a5 27. Be1 Bb3 28. Rf2 Bf8 29. Bd2 Rxc5 30. Rxc5 Bxc5 31. Bf4 Ng4 32. Re2 Bxa3 33. Bf3 Ne3 34. Bxe3 dxe3 35. d4 Rc8 36. Nd3 Rc3 37. Rxe3 Bc1 0-1

[Event "IECG CN.2000.0.00200"]
[Site "IECG email"]
[Date "2000.07.03"]
[Round "?"]
[White "McMichael, Andrew"]
[Black "Che Ahmed, Che Hassan"]
[Result "0-1"]
[WhiteElo "800"]
[BlackElo "709"]
[PlyCount "58"]
[EventDate "2000.07.03"]
[EventType "tourn (corr)"]
[EventRounds "6"]
[SourceTitle "Corr 2008"]
[Source "ChessBase"]
[SourceDate "2008.06.24"]
[SourceVersion "1"]
[SourceVersionDate "2008.06.24"]
[SourceQuality "1"]

1. e4 c5 2. e5 Nc6 3. Nf3 d6 4. exd6 Qxd6 5. Bb5 Nf6 6. 0-0 a6 7. Bxc6+ Qxc6 8. c4 Bg4 9. Nc3 Bxf3 10. Qxf3 Qxf3 11. gxf3 0-0-0 12. d3 Rxd3 13. Be3 e6 14. Rad1 Rxd1 15. Rxd1 Be7 16. Ne4 b6 17. b4 Rd8 18. Rxd8+ Kxd8 19. bxc5 Nxe4 20. fxe4 Bxc5 21. Bxc5 bxc5 22. f4 Kc7 23. Kf2 Kb6 24. Ke2 Ka5 25. Kd2 Kb4 26. Kc2 Kxc4 27. a4 a5 28. e5 f5 29. exf6 gxf6 0-1

[Event "IECG QN.2000.0.00115"]
[Site "IECG email"]
[Date "2000.05.18"]
[Round "?"]
[White "Che Ahmed, Che Hassan"]
[Black "Hollis, Peter"]
[Result "1-0"]
[WhiteElo "669"]
[BlackElo "800"]
[PlyCount "31"]
[EventDate "2000.05.18"]
[EventType "tourn (corr)"]
[EventRounds "6"]
[SourceTitle "Corr 2008"]
[Source "ChessBase"]
[SourceDate "2008.06.24"]
[SourceVersion "1"]
[SourceVersionDate "2008.06.24"]
[SourceQuality "1"]

1. c4 e5 2. Nc3 Nf6 3. g3 d5 4. cxd5 Nxd5 5. Bg2 Nxc3 6. bxc3 Nc6 7. Bxc6+ bxc6 8. d3 Bd6 9. Nf3 0-0 10. Qa4 Bd7 11. 0-0 c5 12. Qe4 Re8 13. Ng5 f5 14. Qc4+ Be6 15. Nxe6 Qe7 16. Ng5+ 1-0

[Event "IECG CN.2000.0.00186"]
[Site "IECG email"]
[Date "2000.04.03"]
[Round "?"]
[White "Jedlicka, Ludek"]
[Black "Che Ahmed, Che Hassan"]
[Result "1/2-1/2"]
[WhiteElo "800"]
[BlackElo "669"]
[PlyCount "78"]
[EventDate "2000.04.03"]
[EventType "tourn (corr)"]
[EventRounds "6"]
[SourceTitle "Corr 2008"]
[Source "ChessBase"]
[SourceDate "2008.06.24"]
[SourceVersion "1"]
[SourceVersionDate "2008.06.24"]
[SourceQuality "1"]

1. e4 c5 2. Nf3 Nc6 3. d4 cxd4 4. Nxd4 d6 5. Bb5 Bd7 6. Be3 e5 7. Nb3 a6 8. Bc4 Nf6 9. f3 Be7 10. Nc3 b5 11. Be2 0-0 12. Qd2 Na5 13. Nxa5 Qxa5 14. a3 Be6 15. 0-0 Qc7 16. Rad1 Rfd8 17. Nd5 Nxd5 18. exd5 Bf5 19. Rc1 Qb7 20. Bd3 Bxd3 21. Qxd3 Rac8 22. b3 Re8 23. c4 bxc4 24. bxc4 Qd7 25. Rb1 Rb8 26. Rb4 f5 27. Rfb1 e4 28. Qe2 Rxb4 29. axb4 Bf6 30. Qd1 exf3 31. Qxf3 Re4 32. b5 Qb7 33. Bf2 axb5 34. Qxf5 Rxc4 35. Qe6+ Qf7 36. Qxd6 b4 37. Rd1 Be7 38. Qb8+ Qf8 39. Qxf8+ Kxf8 1/2-1/2

[Event "IECG CN.2000.0.00186"]
[Site "IECG email"]
[Date "2000.04.03"]
[Round "?"]
[White "Raschke, Andreas"]
[Black "Che Ahmed, Che Hassan"]
[Result "1/2-1/2"]
[WhiteElo "800"]
[BlackElo "669"]
[PlyCount "50"]
[EventDate "2000.04.03"]
[EventType "tourn (corr)"]
[EventRounds "6"]
[SourceTitle "Corr 2008"]
[Source "ChessBase"]
[SourceDate "2008.06.24"]
[SourceVersion "1"]
[SourceVersionDate "2008.06.24"]
[SourceQuality "1"]

1. d4 Nf6 2. c4 e6 3. Nc3 Bb4 4. e3 d5 5. Bd3 Nbd7 6. a3 Bxc3+ 7. bxc3 dxc4 8. Bxc4 Nb6 9. Bb3 0-0 10. Nf3 c5 11. 0-0 Qc7 12. Qc2 Bd7 13. Ne5 c4 14. Ba2 Ba4 15. Qb1 Nfd5 16. Bd2 Rad8 17. Nf3 Rfe8 18. e4 Ne7 19. Re1 f6 20. e5 f5 21. Ng5 Ned5 22. Qb2 h6 23. Nf3 Kh7 24. Re2 g5 25. Qc1 Qg7 1/2-1/2

[Event "IECC O email"]
[Site "IECC email"]
[Date "2000.03.26"]
[Round "?"]
[White "Cash, David"]
[Black "Che Ahmed, Che Hassan"]
[Result "0-1"]
[WhiteElo "1392"]
[BlackElo "1558"]
[PlyCount "64"]
[EventDate "2000.??.??"]
[EventType "tourn (corr)"]
[EventRounds "6"]
[SourceTitle "Corr 2008"]
[Source "ChessBase"]
[SourceDate "2008.06.24"]
[SourceVersion "1"]
[SourceVersionDate "2008.06.24"]
[SourceQuality "1"]

1. e4 c5 2. Nf3 Nc6 3. d4 cxd4 4. Nxd4 d6 5. c4 Nf6 6. Nc3 a6 7. h3 e6 8. Qa4 Bd7 9. Qb3 Nxd4 10. Qd1 e5 11. Bd3 Be7 12. 0-0 0-0 13. Be3 Ne6 14. Rc1 Nd4 15. Ne2 Nxe2+ 16. Qxe2 b5 17. Qf3 Qa5 18. Be2 Qxa2 19. Qg3 Nxe4 20. Qf3 Nf6 21. Bd3 Qxb2 22. Bg5 Rac8 23. Rb1 Qd4 24. Bxf6 Bxf6 25. cxb5 Bxb5 26. Bf5 Rc3 27. Qd1 Bxf1 28. Qxd4 exd4 29. Kxf1 d3 30. Rd1 a5 31. Ke1 Re8+ 32. Kd2 Re2# 0-1

[Event "IECC P email"]
[Site "IECC email"]
[Date "2000.03.23"]
[Round "?"]
[White "Che Ahmed, Che Hassan"]
[Black "Vanderven, Tony"]
[Result "1-0"]
[WhiteElo "1466"]
[BlackElo "1499"]
[PlyCount "41"]
[EventDate "2000.??.??"]
[EventType "tourn (corr)"]
[EventRounds "6"]
[SourceTitle "Corr 2008"]
[Source "ChessBase"]
[SourceDate "2008.06.24"]
[SourceVersion "1"]
[SourceVersionDate "2008.06.24"]
[SourceQuality "1"]

1. c4 Nf6 2. Nc3 e6 3. g3 d5 4. cxd5 exd5 5. Bg2 d4 6. Ne4 Nc6 7. d3 Bb4+ 8. Bd2 Bxd2+ 9. Nxd2 0-0 10. Bxc6 bxc6 11. Ngf3 c5 12. Qc2 Nd7 13. 0-0 Re8 14. Ne4 Bb7 15. Nxc5 Nxc5 16. Qxc5 Rxe2 17. Nxd4 Rxb2 18. Rab1 Rxb1 19. Rxb1 Qd5 20. Qxd5 Bxd5 21. a4 1-0

[Event "IECG CN.2000.0.00176"]
[Site "IECG email"]
[Date "2000.02.20"]
[Round "?"]
[White "Boettcher, Fred"]
[Black "Che Ahmed, Che Hassan"]
[Result "1-0"]
[WhiteElo "800"]
[BlackElo "641"]
[PlyCount "77"]
[EventDate "2000.02.20"]
[EventType "tourn (corr)"]
[EventRounds "6"]
[SourceTitle "Corr 2008"]
[Source "ChessBase"]
[SourceDate "2008.06.24"]
[SourceVersion "1"]
[SourceVersionDate "2008.06.24"]
[SourceQuality "1"]

1. e4 c5 2. Nf3 Nc6 3. d4 cxd4 4. Nxd4 d6 5. c4 e6 6. Nb5 a6 7. N5a3 Nf6 8. Nc3 Be7 9. Be2 0-0 10. 0-0 Qc7 11. Be3 Ne5 12. Rc1 b6 13. f4 Nc6 14. Nd5 exd5 15. cxd5 Bd7 16. Nc4 Na7 17. Nxb6 Qb7 18. e5 dxe5 19. fxe5 Nxd5 20. Qxd5 Qxd5 21. Nxd5 Bd8 22. Rfd1 Bb5 23. Bf3 Bc6 24. Rc2 Re8 25. Rdc1 Bxd5 26. Bxd5 Rxe5 27. Bxa8 Rxe3 28. Rd1 Bb6 29. Kf1 Re6 30. a4 Kf8 31. b4 Rf6+ 32. Bf3 g6 33. Rd7 Rf4 34. Rb7 Rf6 35. a5 Be3 36. Rc3 Bd4 37. Rd3 Nb5 38. Rxb5 axb5 39. Rxd4 1-0

[Event "IECG CN.2000.0.00176"]
[Site "IECG email"]
[Date "2000.02.20"]
[Round "?"]
[White "Che Ahmed, Che Hassan"]
[Black "Vonk, Marcel"]
[Result "0-1"]
[WhiteElo "641"]
[BlackElo "800"]
[PlyCount "22"]
[EventDate "2000.02.20"]
[EventType "tourn (corr)"]
[EventRounds "6"]
[SourceTitle "Corr 2008"]
[Source "ChessBase"]
[SourceDate "2008.06.24"]
[SourceVersion "1"]
[SourceVersionDate "2008.06.24"]
[SourceQuality "1"]

1. c4 e5 2. Nc3 Nc6 3. g3 g6 4. Bg2 Bg7 5. e3 d6 6. d3 Be6 7. Nge2 Qd7 8. Rb1 Bh3 9. b4 Bxg2 10. Rg1 Bf3 11. Qc2 Qh3 0-1

[Event "IECG CN.2000.0.00176"]
[Site "IECG email"]
[Date "2000.02.20"]
[Round "?"]
[White "Sanchez, Sergio"]
[Black "Che Ahmed, Che Hassan"]
[Result "1-0"]
[WhiteElo "800"]
[BlackElo "641"]
[PlyCount "89"]
[EventDate "2000.02.20"]
[EventType "tourn (corr)"]
[EventRounds "6"]
[SourceTitle "Corr 2008"]
[Source "ChessBase"]
[SourceDate "2008.06.24"]
[SourceVersion "1"]
[SourceVersionDate "2008.06.24"]
[SourceQuality "1"]

1. e4 c5 2. Nf3 Nc6 3. d4 cxd4 4. Nxd4 d6 5. Nc3 a6 6. Bc4 e6 7. 0-0 Nf6 8. Nde2 Be7 9. Ng3 b5 10. Bd3 Bb7 11. a4 b4 12. Nce2 h5 13. Re1 h4 14. Nf1 h3 15. Neg3 hxg2 16. Ne3 Ne5 17. f3 d5 18. Qe2 dxe4 19. fxe4 Qc7 20. Bd2 Nxe4 21. Bxe4 Nf3+ 22. Bxf3 Bxf3 23. Qxf3 Rd8 24. Rad1 0-0 25. Qxg2 f5 26. Nh5 Rf7 27. Kh1 a5 28. c3 f4 29. Ng4 f3 30. Qg3 Qb7 31. Qf2 Bh4 32. Ng3 Rfd7 33. Kg1 bxc3 34. bxc3 Qb2 35. Bc1 Qxc3 36. Rxd7 Rxd7 37. Ne5 Rb7 38. Bd2 Qc2 39. Nxf3 Bxg3 40. Qxg3 Qxa4 41. Qg6 Rf7 42. Qxe6 Qd7 43. Qc4 Qa7+ 44. Re3 g5 45. Nxg5 1-0

[Event "IECC KO email"]
[Site "IECC email"]
[Date "1999.12.15"]
[Round "?"]
[White "Che Ahmed, Che Hassan"]
[Black "Richard, Andy"]
[Result "1-0"]
[WhiteElo "1478"]
[BlackElo "1253"]
[PlyCount "65"]
[EventDate "1999.??.??"]
[EventType "tourn (corr)"]
[EventRounds "6"]
[SourceTitle "Corr 2008"]
[Source "ChessBase"]
[SourceDate "2008.06.24"]
[SourceVersion "1"]
[SourceVersionDate "2008.06.24"]
[SourceQuality "1"]

1. c4 e6 2. Nc3 d5 3. cxd5 exd5 4. g3 Nf6 5. Bg2 c6 6. e3 Bb4 7. Nge2 0-0 8. 0-0 Bg4 9. f3 Bf5 10. d3 Qa5 11. Kh1 Nbd7 12. e4 dxe4 13. dxe4 Bg6 14. Be3 Rad8 15. Qc2 Rfe8 16. a3 Bxc3 17. Nxc3 a6 18. b4 Qc7 19. Rfd1 Ne5 20. Qe2 h6 21. Na4 Rxd1+ 22. Rxd1 Rd8 23. Bd4 Ne8 24. f4 Nd7 25. e5 b5 26. Nc5 Nxc5 27. Bxc5 Rxd1+ 28. Qxd1 Bf5 29. Qf3 Bd7 30. Kg1 g6 31. Qe4 Ng7 32. h3 Ne6 33. Be3 1-0

[Event "IECC KO email"]
[Site "IECC email"]
[Date "1999.12.15"]
[Round "?"]
[White "Richard, Andy"]
[Black "Che Ahmed, Che Hassan"]
[Result "0-1"]
[WhiteElo "1261"]
[BlackElo "1470"]
[PlyCount "66"]
[EventDate "1999.??.??"]
[EventType "tourn (corr)"]
[EventRounds "6"]
[SourceTitle "Corr 2008"]
[Source "ChessBase"]
[SourceDate "2008.06.24"]
[SourceVersion "1"]
[SourceVersionDate "2008.06.24"]
[SourceQuality "1"]

1. d4 Nf6 2. c4 e6 3. Nc3 Bb4 4. Qc2 0-0 5. a3 Bxc3+ 6. Qxc3 d5 7. Bg5 Nbd7 8. e3 Qe8 9. Bd3 h6 10. Bxf6 Nxf6 11. Nf3 a6 12. 0-0 Bd7 13. Rac1 Rc8 14. b4 b5 15. c5 c6 16. a4 Ra8 17. a5 Bc8 18. Ne5 Bb7 19. Qc2 Qe7 20. h3 Qc7 21. f4 Rfe8 22. g4 Nd7 23. Nf3 Nf6 24. Rce1 Re7 25. Re2 Rb8 26. Rg2 Rd8 27. g5 hxg5 28. Rxg5 Nd7 29. Qg2 f6 30. Rg6 Rf7 31. Nh2 Re8 32. Ng4 Kf8 33. Qg3 Ke7 0-1

[Event "IECC CL5-2000.05"]
[Site "IECC email"]
[Date "1999.12.10"]
[Round "?"]
[White "Takeuchi, Toshihiko"]
[Black "Che Ahmed, Che Hassan"]
[Result "1/2-1/2"]
[WhiteElo "1542"]
[BlackElo "1471"]
[PlyCount "74"]
[EventDate "2000.??.??"]
[EventType "tourn (corr)"]
[EventRounds "4"]
[SourceTitle "Corr 2008"]
[Source "ChessBase"]
[SourceDate "2008.06.24"]
[SourceVersion "1"]
[SourceVersionDate "2008.06.24"]
[SourceQuality "1"]

1. d4 Nf6 2. c4 e6 3. Nc3 Bb4 4. e3 0-0 5. Bd3 d5 6. cxd5 Nxd5 7. Nge2 c5 8. 0-0 cxd4 9. Nxd5 Qxd5 10. Nxd4 a6 11. Qc2 Qh5 12. Rd1 e5 13. Nf5 Be6 14. Ng3 Qh4 15. Qc7 Qe7 16. Qxe5 Nc6 17. Qh5 g6 18. Qh6 Rad8 19. a3 Bb3 20. Rf1 Rxd3 21. axb4 f5 22. e4 fxe4 23. Bg5 Qxb4 24. Rfe1 Bd5 25. Ne2 Bc4 26. Nc3 Nd4 27. Nxe4 Nf5 28. Bd2 Qxb2 29. Qf4 Nd6 30. Nxd6 Rxf4 31. Bxf4 Bb5 32. Nxb7 Qd4 33. Be3 Qc3 34. Rec1 Qe5 35. Nc5 Rc3 36. Rxc3 Qxc3 37. Rc1 Qb2 1/2-1/2

[Event "IECC CL5-2000.02"]
[Site "IECC email"]
[Date "1999.11.04"]
[Round "?"]
[White "Che Ahmed, Che Hassan"]
[Black "Assarsjo, Ingemar"]
[Result "0-1"]
[WhiteElo "1461"]
[BlackElo "1452"]
[PlyCount "102"]
[EventDate "2000.??.??"]
[EventType "tourn (corr)"]
[EventRounds "4"]
[SourceTitle "Corr 2008"]
[Source "ChessBase"]
[SourceDate "2008.06.24"]
[SourceVersion "1"]
[SourceVersionDate "2008.06.24"]
[SourceQuality "1"]

1. c4 e5 2. g3 d5 3. b3 Bc5 4. Bg2 dxc4 5. bxc4 Bxf2+ 6. Kxf2 Qd4+ 7. e3 Qxa1 8. Qb3 e4 9. Bxe4 Qf6+ 10. Nf3 Qb6 11. Bb2 Qxb3 12. axb3 f6 13. Nc3 c6 14. d4 Ne7 15. Bc2 Be6 16. e4 Na6 17. Rd1 0-0-0 18. d5 cxd5 19. exd5 Bf5 20. Ne4 Nc5 21. Ke3 Bxe4 22. Bxe4 Nxe4 23. Kxe4 Rhe8 24. Kf4 Ng6+ 25. Kg4 Re3 26. Nd4 Ne5+ 27. Kh3 Nd3 28. Rd2 Nxb2 29. Rxb2 g5 30. Nf5 Rf3 31. Nd4 Rd3 32. Nf5 h5 33. d6 Re8 34. b4 Re5 35. Ne7+ Kd7 36. c5 Ree3 37. Ra2 Ra3 38. Rf2 Rf3 39. Re2 h4 40. Ng8 hxg3 41. hxg3 Rxg3+ 42. Kh2 Rge3 43. Nxf6+ Ke6 44. Rxe3+ Rxe3 45. Nd5 Rd3 46. Ne7 Rc3 47. Ng6 Rc4 48. Nf8+ Kf7 49. Nd7 Rxb4 50. Kg3 a5 51. Kg2 a4 0-1

[Event "IECC KO email"]
[Site "IECC email"]
[Date "1999.10.16"]
[Round "?"]
[White "Che Ahmed, Che Hassan"]
[Black "Vink, Tom"]
[Result "1/2-1/2"]
[WhiteElo "1459"]
[BlackElo "1513"]
[PlyCount "82"]
[EventDate "1999.??.??"]
[EventType "tourn (corr)"]
[EventRounds "6"]
[SourceTitle "Corr 2008"]
[Source "ChessBase"]
[SourceDate "2008.06.24"]
[SourceVersion "1"]
[SourceVersionDate "2008.06.24"]
[SourceQuality "1"]

1. c4 c5 2. Nc3 g6 3. g3 Bg7 4. Qc2 Nc6 5. Bg2 Nf6 6. e3 d6 7. Nge2 Nb4 8. Qb1 0-0 9. a3 Nc6 10. b4 cxb4 11. axb4 a5 12. b5 Ne5 13. d3 Bf5 14. e4 Bg4 15. 0-0 Nf3+ 16. Kh1 Qd7 17. Qc2 Nxh2 18. Kxh2 Bxe2 19. Qxe2 Ng4+ 20. Kg1 Bxc3 21. Rb1 Nf6 22. Bb2 Bxb2 23. Rxb2 e5 24. f4 Nh5 25. Qf3 exf4 26. gxf4 a4 27. Ra2 Qc7 28. Qf2 Rfe8 29. f5 Qc5 30. Qxc5 dxc5 31. fxg6 hxg6 32. Rfa1 Nf4 33. Bf1 Kg7 34. Rxa4 Rxa4 35. Rxa4 Kf6 36. Kf2 Ke5 37. Ke3 b6 38. Ra7 f6 39. Rb7 Re6 40. Be2 Rd6 41. Re7+ Re6 1/2-1/2